000 00419cam a2200169ua 4500
020 _c3.50
041 _ahin
_h
082 _a891.54
_bLAK/BA
100 _aLakshmi Narayan, Lal .
245 _aBaya ka gonsla aur samp /
_cLakshmi Narayan Lal.
_hTextual Documents
260 _aPrayag :
_bNeelab Prakashan ,
_c1997.
300 _a195 ; .
365 _a3.50
504 _a
942 _cBK
999 _c8059
_d8059